000 00747nam a2200217Ia 4500
001 114614
003 DR-UNIBE
005 20260505145118.0
008 260505b1992 pn ||||| |||| 00| 0 spa d
040 _aBIBLIOTECA UNIBE
_cBIBLIOTECA UNIBE
_erda
_bspa
041 _aspa
082 _aF 5833
111 2 _aCumbre de Presidentes de de Centroamérica (13º : 1992 : Panamá)
_9204510
245 0 _aEstatuto de la Corte Centroamericana de Justicia
260 _aCiudad de Panamá :
_bCumbre de Presidentes de de Centroamérica,
_c1992
300 4 _a16 páginas
651 7 _2lemb
_aAdministración de justicia
_zCentroamérica
_9204513
653 _aRegulaciones de tratados -- Centroamérica
942 _cMX
_2ddc
951 _a20061022 10:18:00
999 _c114614
_d114614